Star Wars, Star Trek, or Battlestar Galactica? - Statistics

General Stats
  • This quiz has been taken 49 times
  • The average score is 32 of 45
Answer Stats
Picture Answer % Correct
Battlestar Galactica
100%
Battlestar Galactica
98%
Star trek
98%
Star trek
98%
Star Wars
98%
Star Wars
98%
Star Wars
98%
Star trek
90%
Star Wars
88%
Star Wars
88%
Star Wars
88%
Battlestar Galactica
86%
Star Trek
86%
Star trek
86%
Star trek
86%
Battlestar Galactica
83%
Star Trek
83%
Star trek
76%
Star Wars
76%
Battlestar Galactica
74%
Star Wars
71%
Battlestar Galactica
69%
None of the above (The Orville)
67%
None of the above (The Orville)
67%
Star Trek
67%
Battlestar Galactica
64%
Battlestar Galactica
64%
Battlestar Galactica
62%
Star Wars
62%
Star Wars
62%
None of the above (Dune)
60%
Battlestar Galactica
57%
Star trek
57%
Battlestar Galactica
55%
None of the above (Galaxy Quest)
55%
Star trek
55%
Battlestar Galactica
52%
Star Wars
52%
None of the above (Buck Rogers)
50%
Star Wars
50%
Star Wars
50%
Star Trek
48%
Star Wars
48%
Star Wars
45%
Battlestar Galactia
40%
No matching quizzes found
Score Distribution
Percent of People with Each Score
Percentile by Number Answered
Your Score History
You have not taken this quiz